[Event "HUN-ch Rapid"]
[Site "Ajka"]
[Date "2022.07.17"]
[Round "12"]
[White "Gombocz, Ferenc Jr"]
[Black "Leviczki, Tibor"]
[Result "1/2-1/2"]
[WhiteElo "2229"]
[BlackElo "2281"]
[PlyCount "100"]
[EventDate "2022.07.15"]
[EventType "swiss (rapid)"]
[EventRounds "13"]
[EventCountry "HUN"]
[SourceTitle "CBM 209 Extra"]
[Source "ChessBase"]
[SourceDate "2022.09.30"]
[SourceVersion "1"]
[SourceVersionDate "2022.09.30"]
[SourceQuality "1"]

1. c4 c5 2. g3 Nf6 3. Bg2 d5 4. cxd5 Nxd5 5. Nf3 Nc6 6. d4 Nf6 7. 0-0 e6 8. Ne5 Bd7 9. Nxd7 Qxd7 10. dxc5 Bxc5 11. Qxd7+ Kxd7 12. Rd1+ Ke7 13. Bxc6 bxc6 14. Nc3 Rhd8 15. Bg5 h6 16. Bxf6+ gxf6 17. e3 f5 18. Kf1 Bd6 19. Ke2 Rab8 20. b3 Be5 21. Rxd8 Rxd8 22. Rc1 Bxc3 23. Rxc3 Rc8 24. Rc4 Kd6 25. Rh4 Rh8 26. Ra4 Ra8 27. Kd3 e5 28. Rh4 Rh8 29. Rh5 Ke6 30. Kc4 f6 31. Kc5 Rd8 32. Kxc6 Rd2 33. a4 Rb2 34. Rxh6 Rxb3 35. Rh7 a5 36. Ra7 Rb2 37. Rxa5 Rxf2 38. h4 Rf3 39. Ra8 Rxg3 40. a5 f4 41. exf4 exf4 42. a6 Ra3 43. Kb7 f3 44. Re8+ Kf5 45. Re1 Kg4 46. Rh1 f2 47. a7 Rb3+ 48. Kc7 Ra3 49. Kb7 Rb3+ 50. Kc7 Ra3 1/2-1/2

[Event "HUN-ch Rapid"]
[Site "Ajka"]
[Date "2022.07.17"]
[Round "11"]
[White "Horvath, Adam"]
[Black "Leviczki, Tibor"]
[Result "1-0"]
[WhiteElo "2520"]
[BlackElo "2281"]
[PlyCount "75"]
[EventDate "2022.07.15"]
[EventType "swiss (rapid)"]
[EventRounds "13"]
[EventCountry "HUN"]
[SourceTitle "CBM 209 Extra"]
[Source "ChessBase"]
[SourceDate "2022.09.30"]
[SourceVersion "1"]
[SourceVersionDate "2022.09.30"]
[SourceQuality "1"]

1. e4 c5 2. Nf3 e6 3. d4 cxd4 4. Nxd4 a6 5. Bd3 Nf6 6. 0-0 Qc7 7. Qe2 d6 8. c4 Nbd7 9. Nc3 Be7 10. Kh1 0-0 11. f4 b6 12. Bd2 Bb7 13. Rae1 Rfd8 14. Nf3 Nc5 15. Bc2 g6 16. b4 Ncd7 17. Bb3 Re8 18. Ng5 Bf8 19. a3 Bg7 20. Qf2 h6 21. Nf3 Rad8 22. h3 Nh5 23. Rc1 Qb8 24. Nh2 Nhf6 25. Rce1 Qc7 26. Re2 Ba8 27. Qh4 Qb8 28. Nf3 b5 29. cxb5 axb5 30. Nd4 d5 31. e5 Ne4 32. Ncxb5 Nxd2 33. Rxd2 g5 34. fxg5 hxg5 35. Qh5 Nxe5 36. Bc2 f5 37. Qxg5 Rf8 38. Nxe6 1-0

[Event "HUN-chT2 Maroczy 1819"]
[Site "Hungary"]
[Date "2019.03.31"]
[Round "10.6"]
[White "Leviczki, Tibor"]
[Black "Lyell, Mark"]
[Result "1/2-1/2"]
[WhiteElo "2314"]
[BlackElo "2282"]
[PlyCount "126"]
[EventDate "2018.09.23"]
[EventType "team-tourn"]
[EventRounds "11"]
[EventCountry "HUN"]
[SourceTitle "EXT 2021"]
[Source "ChessBase"]
[SourceDate "2020.10.23"]
[SourceVersion "1"]
[SourceVersionDate "2020.10.23"]
[SourceQuality "1"]
[WhiteTeam "Debrecen Kwizda"]
[BlackTeam "Budapest MTK"]
[WhiteTeamCountry "HUN"]
[BlackTeamCountry "HUN"]

1. Nf3 f5 2. g3 Nf6 3. Bg2 e6 4. c4 Be7 5. 0-0 0-0 6. Nc3 d6 7. d3 Nc6 8. Rb1 Qe8 9. b4 Bd7 10. b5 Nd8 11. e3 e5 12. Nd2 a6 13. a4 axb5 14. axb5 Rb8 15. f4 Nf7 16. Nf3 Rd8 17. Bd2 e4 18. dxe4 Nxe4 19. Nxe4 fxe4 20. Nd4 Bf6 21. Qc2 Bxd4 22. exd4 d5 23. Rfe1 Nd6 24. cxd5 Bxb5 25. Qxc7 Bd3 26. Rb3 Rf7 27. Qc1 Qd7 28. Bb4 Qa4 29. Qa3 Qxa3 30. Bxa3 Bc4 31. Rc3 Bxd5 32. Bxd6 Rxd6 33. Bxe4 Bxe4 34. Rc8+ Rf8 35. Rxf8+ Kxf8 36. Rxe4 b5 37. Kf2 b4 38. Ke3 Rh6 39. d5 b3 40. Rb4 Rxh2 41. Rxb3 Ke7 42. Ke4 g6 43. g4 Rh1 44. Rb7+ Kd6 45. Rb6+ Ke7 46. d6+ Kd7 47. f5 gxf5+ 48. gxf5 h5 49. Kd5 Rd1+ 50. Ke5 Re1+ 51. Kf6 h4 52. Rb4 h3 53. Rh4 Re3 54. Kf7 Kxd6 55. f6 Ke5 56. Rh5+ Kf4 57. Kf8 Kg4 58. Rh7 Rf3 59. f7 Kg3 60. Kg7 h2 61. f8Q Rxf8 62. Kxf8 Kg2 63. Rxh2+ Kxh2 1/2-1/2

[Event "HUN-chT2 Maroczy 1819"]
[Site "Hungary"]
[Date "2018.10.28"]
[Round "3.5"]
[White "Koczo, Kristof"]
[Black "Leviczki, Tibor"]
[Result "0-1"]
[WhiteElo "2055"]
[BlackElo "2314"]
[PlyCount "68"]
[EventDate "2018.09.23"]
[EventType "team-tourn"]
[EventRounds "11"]
[EventCountry "HUN"]
[SourceTitle "EXT 2020"]
[Source "ChessBase"]
[SourceDate "2019.10.17"]
[SourceVersion "1"]
[SourceVersionDate "2019.10.17"]
[SourceQuality "1"]
[WhiteTeam "Kobanya Aquarena II"]
[BlackTeam "Debrecen Kwizda"]
[WhiteTeamCountry "HUN"]
[BlackTeamCountry "HUN"]

1. d4 Nf6 2. c4 c5 3. d5 d6 4. Nc3 g6 5. e4 Bg7 6. h3 0-0 7. Bg5 e6 8. Bd3 exd5 9. cxd5 a6 10. a4 Re8 11. Nf3 Qb6 12. Rb1 c4 13. Bc2 Nbd7 14. 0-0 Nc5 15. Nd2 Qb4 16. Na2 Qa5 17. Nxc4 Qc7 18. Bxf6 Bxf6 19. Nd2 b5 20. b4 Nxa4 21. Bxa4 bxa4 22. Qxa4 Bd7 23. Qb3 Bb5 24. Rfc1 Qd8 25. f3 Bd4+ 26. Kh1 Qg5 27. Nc4 Qg3 28. Nc3 Bxc4 29. Qxc4 Be5 30. Kg1 Qh2+ 31. Kf1 Rac8 32. Qd3 Rxc3 33. Rxc3 Bxc3 34. Rd1 Bxb4 0-1

[Event "HUN-chT 1516"]
[Site "Hungary"]
[Date "2016.02.28"]
[Round "5.8"]
[White "Leviczki, Tibor"]
[Black "Mokcsay, Robert"]
[Result "1/2-1/2"]
[WhiteElo "2345"]
[BlackElo "2258"]
[PlyCount "99"]
[EventDate "2015.11.07"]
[EventType "team-tourn"]
[EventRounds "11"]
[EventCountry "HUN"]
[SourceTitle "CBM 171 Extra"]
[Source "ChessBase"]
[SourceDate "2016.04.26"]
[SourceVersion "1"]
[SourceVersionDate "2016.04.26"]
[SourceQuality "1"]
[WhiteTeam "Mako"]
[BlackTeam "Penzugyor"]
[WhiteTeamCountry "HUN"]
[BlackTeamCountry "HUN"]

1. Nf3 Nf6 2. c4 c6 3. Nc3 d5 4. d4 a6 5. h3 b5 6. c5 Bf5 7. g4 Bg6 8. Ne5 Nfd7 9. Nxg6 hxg6 10. Bg2 e5 11. e4 exd4 12. Qxd4 dxe4 13. Nxe4 Nxc5 14. Qxd8+ Kxd8 15. Bg5+ Kc8 16. 0-0-0 Nxe4 17. Bxe4 Bc5 18. Rd2 Ra7 19. Rhd1 Bb6 20. Bg2 Rd7 21. Rxd7 Nxd7 22. Bxc6 Ne5 23. Bg2 f6 24. Bf4 Rd8 25. Rxd8+ Kxd8 26. Be4 Bxf2 27. Bxe5 fxe5 28. Bxg6 a5 29. Bd3 b4 30. Kd2 Ke7 31. Ke2 Bd4 32. b3 g5 33. Kf3 Kf6 34. Ke4 Bb6 35. Kd5 Bd8 36. Be4 Bb6 37. Kd6 Bd8 38. Kc6 Ke6 39. Bf5+ Ke7 40. Kd5 Kf6 41. Kd6 Be7+ 42. Kd7 Bc5 43. Be4 Bf8 44. Kc7 Bc5 45. Kc6 Be7 46. Kb5 Bd8 47. Kc6 Ke6 48. Bf5+ Ke7 49. Kd5 Kf6 50. Kd6 1/2-1/2

[Event "HUN-chT 1415"]
[Site "Hungary"]
[Date "2015.03.22"]
[Round "8.1"]
[White "Mayer, Istvan"]
[Black "Leviczki, Tibor"]
[Result "0-1"]
[WhiteElo "2079"]
[BlackElo "2334"]
[PlyCount "72"]
[EventDate "2014.10.12"]
[EventType "team-tourn"]
[EventRounds "9"]
[EventCountry "HUN"]
[SourceTitle "EXT 2016"]
[Source "ChessBase"]
[SourceDate "2015.10.08"]
[SourceVersion "1"]
[SourceVersionDate "2015.10.08"]
[SourceQuality "1"]
[WhiteTeam "Szigetszentmiklos"]
[BlackTeam "Mako"]
[WhiteTeamCountry "HUN"]
[BlackTeamCountry "HUN"]

1. e4 c5 2. Nf3 e6 3. d4 cxd4 4. Nxd4 a6 5. c4 Nf6 6. Bd3 Qc7 7. 0-0 Be7 8. Nc3 d6 9. Kh1 Nbd7 10. f4 0-0 11. g4 Qb6 12. Nb3 h6 13. Qe2 Qc7 14. Nd4 Nc5 15. Bc2 b6 16. g5 hxg5 17. fxg5 Nh7 18. b4 Nb7 19. h4 b5 20. Bd3 bxc4 21. Bxc4 d5 22. exd5 Nd6 23. Nc6 Nxc4 24. Nxe7+ Qxe7 25. Qxc4 exd5 26. Nxd5 Bb7 27. Kg1 Qe5 28. Rf5 Bxd5 29. Rxe5 Bxc4 30. Rc5 Be6 31. Bf4 Rfd8 32. a3 Rd4 33. Rf1 Nf8 34. Bg3 Rd3 35. Bf2 Rxa3 36. Rd1 Rb3 0-1

[Event "HUN-chT 1415"]
[Site "Hungary"]
[Date "2014.12.14"]
[Round "4.4"]
[White "Leviczki, Tibor"]
[Black "Medvegy, Nora"]
[Result "1-0"]
[WhiteElo "2334"]
[BlackElo "2350"]
[PlyCount "107"]
[EventDate "2014.10.12"]
[EventType "team-tourn"]
[EventRounds "9"]
[EventCountry "HUN"]
[SourceTitle "EXT 2016"]
[Source "ChessBase"]
[SourceDate "2015.10.08"]
[SourceVersion "1"]
[SourceVersionDate "2015.10.08"]
[SourceQuality "1"]
[WhiteTeam "Mako"]
[BlackTeam "MLTC"]
[WhiteTeamCountry "HUN"]
[BlackTeamCountry "HUN"]

1. Nf3 Nf6 2. c4 e6 3. Nc3 Bb4 4. Qc2 b6 5. a3 Bxc3 6. Qxc3 Bb7 7. b4 a5 8. Bb2 Qe7 9. e3 axb4 10. axb4 Rxa1+ 11. Bxa1 Na6 12. b5 Nc5 13. Be2 0-0 14. 0-0 Ra8 15. Qc2 Ne8 16. d3 f5 17. Bc3 Na4 18. Bd4 Nc5 19. Ra1 Qd8 20. Rxa8 Qxa8 21. h3 d6 22. Kh2 h6 23. Ne1 Qa3 24. Qb2 Qa5 25. Bc3 Qa8 26. Qa1 Qb8 27. Kg1 c6 28. bxc6 Bxc6 29. Nc2 Qb7 30. Bf1 b5 31. cxb5 Bxb5 32. Nd4 Ba6 33. Qa2 Qf7 34. Qc2 e5 35. Nc6 Bb7 36. Nd8 Qd7 37. Nxb7 Nxb7 38. d4 exd4 39. Bxd4 d5 40. Qb3 Na5 41. Qa2 Nc6 42. Bb5 Nc7 43. Ba4 Qd6 44. Ba1 Ne6 45. Bb3 Ne7 46. Bb2 Nc5 47. Ba3 Qc6 48. Bd1 Kf7 49. Bf3 Ne4 50. Qb2 Nf6 51. Qe5 Qe6 52. Qc7 Ne4 53. h4 g5 54. Bh5+ 1-0

[Event "HUN-chT 1213"]
[Site "Hungary"]
[Date "2013.04.21"]
[Round "9"]
[White "Leviczki, Tibor"]
[Black "Ngo Tan, Don"]
[Result "1-0"]
[WhiteElo "2327"]
[BlackElo "2172"]
[PlyCount "71"]
[EventDate "2012.09.16"]
[EventType "team-tourn"]
[EventRounds "9"]
[EventCountry "HUN"]
[SourceTitle "EXT 2014"]
[Source "ChessBase"]
[SourceDate "2013.11.20"]
[SourceVersion "1"]
[SourceVersionDate "2013.11.20"]
[SourceQuality "1"]
[WhiteTeam "Dunaharaszti"]
[BlackTeam "BEAC"]
[WhiteTeamCountry "HUN"]
[BlackTeamCountry "HUN"]

1. d4 f5 2. g3 Nf6 3. Bg2 g6 4. c4 Bg7 5. Nh3 d6 6. d5 0-0 7. 0-0 c6 8. Nf4 Bd7 9. Nc3 Na6 10. e4 Rc8 11. exf5 Bxf5 12. Be3 c5 13. h3 Rb8 14. Qe2 Kh8 15. a3 Nc7 16. a4 Na6 17. Nb5 Nb4 18. g4 g5 19. gxf5 gxf4 20. Bxf4 a6 21. Nc3 Nd7 22. Be4 Qe8 23. Rae1 Qf7 24. Bh2 Rbe8 25. Kh1 Rg8 26. Rg1 Bd4 27. Bf3 Qf6 28. Ne4 Qh4 29. Nxd6 Rxg1+ 30. Rxg1 Rf8 31. Ne4 Qxh3 32. Ng5 Qxf5 33. Be4 Qf6 34. Nxh7 Qh6 35. Nxf8 Nxf8 36. Qg4 1-0

[Event "HUN-chT 1213"]
[Site "Hungary"]
[Date "2013.01.27"]
[Round "6"]
[White "Karolyi, Tibor Jr"]
[Black "Leviczki, Tibor"]
[Result "0-1"]
[WhiteElo "2346"]
[BlackElo "2327"]
[PlyCount "54"]
[EventDate "2012.09.16"]
[EventType "team-tourn"]
[EventRounds "9"]
[EventCountry "HUN"]
[SourceTitle "EXT 2014"]
[Source "ChessBase"]
[SourceDate "2013.11.20"]
[SourceVersion "1"]
[SourceVersionDate "2013.11.20"]
[SourceQuality "1"]
[WhiteTeam "MLTC"]
[BlackTeam "Dunaharaszti"]
[WhiteTeamCountry "HUN"]
[BlackTeamCountry "HUN"]

1. d4 Nf6 2. c4 c5 3. d5 d6 4. Nc3 g6 5. e4 Bg7 6. Bd3 0-0 7. h3 e6 8. Nge2 exd5 9. exd5 Nbd7 10. f4 Ne8 11. Be3 f5 12. Qc2 Ndf6 13. Kd2 Nc7 14. a3 Bd7 15. b4 b6 16. b5 a6 17. a4 a5 18. g4 fxg4 19. Ng3 gxh3 20. f5 Ng4 21. Bf4 Nf2 22. Raf1 Nxd3 23. Qxd3 Bxf5 24. Nce4 Bxe4 25. Qxe4 Qf6 26. Rxh3 Qc3+ 27. Kd1 Rae8 0-1

[Event "HUN-chT2 Maroczy 1112"]
[Site "Hungary"]
[Date "2012.05.06"]
[Round "10"]
[White "Leviczki, Tibor"]
[Black "Sinkovics, Peter"]
[Result "0-1"]
[WhiteElo "2359"]
[BlackElo "2317"]
[PlyCount "116"]
[EventDate "2011.09.25"]
[EventType "team-tourn"]
[EventRounds "11"]
[EventCountry "HUN"]
[SourceTitle "EXT 2013"]
[Source "ChessBase"]
[SourceDate "2012.11.22"]
[SourceVersion "1"]
[SourceVersionDate "2012.11.22"]
[SourceQuality "1"]
[WhiteTeam "Dunaharaszti"]
[BlackTeam "Taban Spartacus"]
[WhiteTeamCountry "HUN"]
[BlackTeamCountry "HUN"]

1. Nf3 Nf6 2. c4 e6 3. g3 b6 4. Bg2 Bb7 5. 0-0 c5 6. Re1 Be7 7. Nc3 Ne4 8. Nxe4 Bxe4 9. d3 Bb7 10. e4 0-0 11. d4 cxd4 12. Nxd4 d6 13. b3 a6 14. Bb2 Nd7 15. Qg4 Nf6 16. Qe2 Qc7 17. Rad1 Rfd8 18. Ba3 Rac8 19. Bb2 Qb8 20. a4 Bf8 21. Nc2 Nd7 22. Bd4 Nc5 23. Na1 a5 24. Qb2 Qa8 25. f3 d5 26. cxd5 exd5 27. e5 Ba6 28. Re3 Qb7 29. Rc3 Ne6 30. Rxc8 Rxc8 31. Bf2 Bb4 32. f4 Bc3 33. Qa2 Rd8 34. Bf3 b5 35. axb5 Qxb5 36. Nc2 d4 37. Na3 Qb4 38. Nc2 Qb8 39. Be1 Qb5 40. Bf2 d3 41. Na3 Qb4 42. Nb1 Nd4 43. Bxd4 Bxd4+ 44. Kg2 Rc8 45. Qa4 Rc2+ 46. Kh3 Qxa4 47. bxa4 Rb2 48. Nd2 Bc3 49. Ne4 Bb4 50. g4 d2 51. Kg3 Bd3 52. Nf2 Bc2 53. Ra1 Rb3 54. Kg2 Re3 55. Bd1 Re1 56. h4 Bc5 57. Ra2 Bxd1 58. Rxd2 Bxa4 0-1

[Event "HUN-chT2 Maroczy 1112"]
[Site "Hungary"]
[Date "2012.04.22"]
[Round "9"]
[White "Stanciu, Alexandru Ovidiu"]
[Black "Leviczki, Tibor"]
[Result "1/2-1/2"]
[WhiteElo "2288"]
[BlackElo "2359"]
[PlyCount "144"]
[EventDate "2011.09.25"]
[EventType "team-tourn"]
[EventRounds "11"]
[EventCountry "HUN"]
[SourceTitle "EXT 2013"]
[Source "ChessBase"]
[SourceDate "2012.11.22"]
[SourceVersion "1"]
[SourceVersionDate "2012.11.22"]
[SourceQuality "1"]
[WhiteTeam "Kisujszallas"]
[BlackTeam "Dunaharaszti"]
[WhiteTeamCountry "HUN"]
[BlackTeamCountry "HUN"]

1. d4 Nf6 2. c4 c5 3. d5 d6 4. Nc3 g6 5. e4 Bg7 6. Bd3 0-0 7. h3 e6 8. Nf3 exd5 9. exd5 Re8+ 10. Be3 Bh6 11. 0-0 Bxe3 12. fxe3 Qe7 13. e4 Nbd7 14. Qd2 Kg7 15. Rae1 a6 16. Bc2 Ne5 17. Nxe5 Qxe5 18. Qf2 Rf8 19. Re3 Ng8 20. Ba4 b6 21. a3 f6 22. Bc6 Ra7 23. b4 Raf7 24. b5 Qe7 25. Na4 Qd8 26. bxa6 Ra7 27. Rb1 Rxa6 28. Qb2 Bd7 29. Qb5 Ra5 30. Qxb6 Bxc6 31. Qxc6 Ne7 32. Rb7 Kg8 33. Qd7 Qxd7 34. Rxd7 Rxa4 35. Rxe7 Rxc4 36. Re6 f5 37. exf5 Rxf5 38. Rxd6 Rd4 39. Rd7 Rf7 40. Rd8+ Rf8 41. Rd7 Rf7 42. Re8+ Kg7 43. Red8 Ra4 44. Rxf7+ Kxf7 45. Rc8 c4 46. Rc6 Rxa3 47. Rxc4 Rd3 48. Rc7+ Kf6 49. Rxh7 Rxd5 50. Ra7 Rd2 51. Kh2 Rd3 52. Ra2 Kg7 53. Rf2 Rb3 54. Rf3 Rb4 55. g4 g5 56. Kg3 Rb1 57. Rd3 Kf6 58. Rd6+ Kg7 59. Kf3 Rh1 60. Ke4 Rxh3 61. Kf5 Ra3 62. Kxg5 Ra5+ 63. Kh4 Ra1 64. Kh5 Ra5+ 65. g5 Ra7 66. Rd5 Ra6 67. Rd7+ Kg8 68. Rb7 Rc6 69. Re7 Ra6 70. Kg4 Rb6 71. Kf5 Ra6 72. g6 Ra1 1/2-1/2

[Event "Puspokladany Arnoth Memorial 04th"]
[Site "Puspokladany"]
[Date "2011.07.31"]
[Round "9"]
[White "Leviczki, Tibor"]
[Black "Egri, Laszlo Jr"]
[Result "1-0"]
[WhiteElo "2382"]
[BlackElo "2021"]
[PlyCount "245"]
[EventDate "2011.07.27"]
[EventType "swiss"]
[EventRounds "9"]
[EventCountry "HUN"]
[SourceTitle "EXT 2018"]
[Source "ChessBase"]
[SourceDate "2017.10.13"]
[SourceVersion "1"]
[SourceVersionDate "2017.10.13"]
[SourceQuality "1"]

1. d4 Nf6 2. c4 g6 3. Nc3 Bg7 4. e4 d6 5. Bg5 h6 6. Be3 Nbd7 7. f3 e5 8. Nge2 exd4 9. Nxd4 0-0 10. Be2 c6 11. Qd2 Kh7 12. 0-0 Qe7 13. Rfe1 a5 14. Rad1 Nc5 15. Nb3 Nxb3 16. axb3 Ne8 17. Na4 Be6 18. Nb6 Rd8 19. Bf1 g5 20. Ra1 f5 21. exf5 Bxf5 22. Rxa5 Bg6 23. Raa1 Qf6 24. Na4 Nc7 25. Bb6 Rf7 26. Bd3 Rdd7 27. Bxg6+ Qxg6 28. Bd4 Ne6 29. Bxg7 Rxg7 30. Qe3 Nf4 31. Qe4 Nd3 32. Qxg6+ Rxg6 33. Re3 Nc5 34. Nb6 Rf7 35. Rae1 Rgf6 36. Na4 Kg7 37. Nc3 Rd7 38. b4 Na6 39. b5 Nb4 40. bxc6 bxc6 41. Rd1 d5 42. cxd5 cxd5 43. Ne2 Rb6 44. Nd4 Kf6 45. Rde1 Kf7 46. g4 Rf6 47. Rb3 Nc6 48. Nxc6 Rxc6 49. Rd3 Rb6 50. b3 Rdb7 51. Ree3 d4 52. Rxd4 Rxb3 53. Rxb3 Rxb3 54. Kg2 Kg6 55. Rd6+ Kg7 56. Kg3 Ra3 57. Rb6 Rc3 58. Rb5 Kg6 59. Ra5 Rb3 60. Ra8 Kg7 61. Ra1 Kg6 62. h3 Rc3 63. Ra2 Rb3 64. Rd2 Ra3 65. Kf2 Rb3 66. Rd6+ Kg7 67. Re6 Ra3 68. Re3 Ra6 69. Re5 Ra3 70. Kg2 Rb3 71. h4 gxh4 72. Rf5 Rb1 73. Rh5 Kg6 74. Rxh4 Rb5 75. Kg3 Rb3 76. Rh5 Ra3 77. Rb5 Rc3 78. Rb4 Ra3 79. Kf4 Ra6 80. Rb5 Ra3 81. Rb6+ Kg7 82. Rc6 Ra5 83. Re6 Ra3 84. Re3 Ra5 85. Rd3 Rb5 86. Rd1 Kg6 87. Rh1 Ra5 88. Kg3 Rb5 89. f4 h5 90. f5+ Kf6 91. Rxh5 Rb3+ 92. Kh4 Rb1 93. Rh6+ Kf7 94. Ra6 Rb5 95. Kg5 Rb7 96. Re6 Ra7 97. Re4 Ra6 98. Kf4 Ra1 99. g5 Rf1+ 100. Ke5 Ra1 101. g6+ Kg7 102. Kf4 Rf1+ 103. Kg5 Rg1+ 104. Kf4 Rf1+ 105. Ke5 Ra1 106. Rd4 Re1+ 107. Re4 Ra1 108. Re3 Rb1 109. Rg3 Re1+ 110. Kf4 Rf1+ 111. Kg5 Rf2 112. Rh3 Rg2+ 113. Kf4 Rf2+ 114. Kg4 Rg2+ 115. Kf3 Rg1 116. Rh7+ Kf8 117. Ke4 Ra1 118. Ke5 Ra5+ 119. Kf6 Ra6+ 120. Kg5 Ra5 121. Kh6 Rxf5 122. Rh8+ Ke7 123. g7 1-0

[Event "Puspokladany Arnoth Memorial 04th"]
[Site "Puspokladany"]
[Date "2011.07.31"]
[Round "8"]
[White "Leviczki, Tibor"]
[Black "Fekete, Albert"]
[Result "1-0"]
[WhiteElo "2382"]
[BlackElo "2257"]
[PlyCount "119"]
[EventDate "2011.07.27"]
[EventType "swiss"]
[EventRounds "9"]
[EventCountry "HUN"]
[SourceTitle "EXT 2018"]
[Source "ChessBase"]
[SourceDate "2017.10.13"]
[SourceVersion "1"]
[SourceVersionDate "2017.10.13"]
[SourceQuality "1"]

1. e4 c5 2. Nf3 Nc6 3. d4 cxd4 4. Nxd4 e5 5. Nb5 d6 6. N1c3 a6 7. Na3 b5 8. Nd5 Nge7 9. c4 Nd4 10. cxb5 Nxd5 11. exd5 Be7 12. Bd3 0-0 13. 0-0 axb5 14. Nxb5 Nxb5 15. Bxb5 Bb7 16. Be3 f5 17. f3 g5 18. a4 f4 19. Bf2 Qa5 20. Re1 Bc8 21. Re4 Bf5 22. b4 Qd8 23. Re1 Rb8 24. Qb3 h5 25. Bd3 g4 26. Bxf5 Rxf5 27. Qd3 Rg5 28. Bh4 Rg7 29. Bxe7 Qxe7 30. b5 Qh4 31. Kh1 Kh8 32. Qe2 Rbg8 33. Rg1 gxf3 34. gxf3 Rxg1+ 35. Rxg1 Rxg1+ 36. Kxg1 Qg5+ 37. Kf2 Qh4+ 38. Kf1 Qh3+ 39. Kg1 Qf5 40. Qe4 Qg5+ 41. Kf1 h4 42. Qc4 Qf5 43. Qe4 Qg5 44. b6 h3 45. Qc2 Qh5 46. Qc8+ Kh7 47. Qd7+ Kh8 48. Kf2 e4 49. fxe4 Qh4+ 50. Kf3 Qh5+ 51. Qg4 Qe5 52. Qxh3+ Kg7 53. Qg4+ Kh8 54. Qxf4 Qc3+ 55. Kg4 Qb2 56. Qxd6 Qg7+ 57. Kf5 Qh7+ 58. Ke5 Qxh2+ 59. Ke6 Qh3+ 60. Ke7 1-0

[Event "HUN-chT2 Barcza 1011"]
[Site "Hungary"]
[Date "2011.03.27"]
[Round "7.1"]
[White "Forgacs, Jozsef"]
[Black "Leviczki, Tibor"]
[Result "1-0"]
[WhiteElo "2246"]
[BlackElo "2407"]
[PlyCount "69"]
[EventDate "2010.09.12"]
[EventType "team-tourn"]
[EventRounds "11"]
[EventCountry "HUN"]
[SourceTitle "EXT 2012"]
[Source "ChessBase"]
[SourceDate "2011.11.24"]
[SourceVersion "1"]
[SourceVersionDate "2011.11.24"]
[SourceQuality "1"]
[WhiteTeam "Debrecen Betu"]
[BlackTeam "DEAC"]
[WhiteTeamCountry "HUN"]
[BlackTeamCountry "HUN"]

1. c4 c5 2. Nf3 Nc6 3. Nc3 e5 4. d3 d6 5. g3 g6 6. Bg2 Bg7 7. a3 Nge7 8. e4 0-0 9. 0-0 h6 10. Rb1 f5 11. exf5 gxf5 12. Nh4 Be6 13. f4 Qd7 14. Nd5 Rab8 15. b4 cxb4 16. axb4 b5 17. Bd2 bxc4 18. dxc4 e4 19. g4 fxg4 20. Bxe4 h5 21. b5 Bxd5 22. Bxd5+ Nxd5 23. bxc6 Qe7 24. cxd5 Qxh4 25. Qe1 Qf6 26. Rxb8 Rxb8 27. Qe6+ Qxe6 28. dxe6 Bd4+ 29. Kh1 Kg7 30. Re1 Bf6 31. f5 Kf8 32. Bf4 Ke7 33. Rd1 Be5 34. Bxe5 dxe5 35. c7 1-0

[Event "HUN-chT2 Barcza 1011"]
[Site "Hungary"]
[Date "2010.09.12"]
[Round "1.1"]
[White "Hando, Vilmos"]
[Black "Leviczki, Tibor"]
[Result "0-1"]
[WhiteElo "2304"]
[BlackElo "2407"]
[PlyCount "104"]
[EventDate "2010.09.12"]
[EventType "team-tourn"]
[EventRounds "11"]
[EventCountry "HUN"]
[SourceTitle "EXT 2012"]
[Source "ChessBase"]
[SourceDate "2011.11.24"]
[SourceVersion "1"]
[SourceVersionDate "2011.11.24"]
[SourceQuality "1"]
[WhiteTeam "Kazincbarcika"]
[BlackTeam "DEAC"]
[WhiteTeamCountry "HUN"]
[BlackTeamCountry "HUN"]

1. e4 c5 2. Nf3 e6 3. d4 cxd4 4. Nxd4 a6 5. Bd3 Nf6 6. 0-0 Qc7 7. Qe2 d6 8. c4 Nbd7 9. Nc3 Be7 10. Bg5 0-0 11. Kh1 b6 12. f4 Bb7 13. Rae1 Rfe8 14. f5 Nf8 15. Rf3 h6 16. Bxh6 gxh6 17. Rg3+ Kh8 18. Qe3 N8h7 19. Qxh6 Rg8 20. fxe6 Rxg3 21. hxg3 Ng4 22. Qf4 Ne5 23. Be2 Bg5 24. Qf5 Bd2 25. Rf1 Bxc3 26. bxc3 fxe6 27. Qxe6 Bxe4 28. Rf4 Bg6 29. Nf3 Re8 30. Qd5 Nxf3 31. Bxf3 Qc5 32. Rd4 Qxd5 33. cxd5 Nf6 34. Rc4 Rb8 35. Rc6 Ne8 36. Bg4 Bd3 37. a4 Kg7 38. Bd7 Nf6 39. Be6 Ne4 40. Rc7+ Kg6 41. g4 Nc5 42. Rc6 Kf6 43. Rxd6 Ke5 44. Rc6 Nxa4 45. Bf7 Rf8 46. Rc7 Kd6 47. Rc6+ Ke7 48. Rc7+ Kf6 49. Be6 Rb8 50. Bc8 Ke5 51. Be6 Nc5 52. Bf7 Rb7 0-1

[Event "Arad op"]
[Site "Arad"]
[Date "2010.08.11"]
[Round "7"]
[White "Leviczki, Tibor"]
[Black "Jianu, Vlad Cristian"]
[Result "1/2-1/2"]
[WhiteElo "2393"]
[BlackElo "2504"]
[PlyCount "44"]
[EventDate "2010.08.06"]
[EventType "swiss"]
[EventRounds "9"]
[EventCountry "ROU"]
[SourceTitle "CBM 137 Extra"]
[Source "ChessBase"]
[SourceDate "2010.09.01"]
[SourceVersion "1"]
[SourceVersionDate "2010.09.01"]
[SourceQuality "1"]

1. e4 c5 2. Nf3 d6 3. d4 cxd4 4. Nxd4 Nf6 5. Nc3 g6 6. Be3 Bg7 7. f3 Nc6 8. Qd2 0-0 9. 0-0-0 d5 10. exd5 Nxd5 11. Nxc6 bxc6 12. Bd4 e5 13. Bc5 Be6 14. Ne4 Re8 15. h4 h6 16. g4 Qc7 17. g5 h5 18. Bc4 Red8 19. Qf2 a5 20. a4 Qb7 21. b3 Kh7 22. Rd2 Nf4 1/2-1/2